<?xml version="1.0" encoding="UTF-8"?>
<marc:record xmlns:marc="http://www.loc.gov/MARC21/slim">
   <marc:leader>00000nam a2200000 a 4500</marc:leader>
   <marc:datafield ind1="1" ind2=" " tag="100">
      <marc:subfield code="a">Lasky, Kathryn</marc:subfield>
      <marc:subfield code="4">aut</marc:subfield>
      <marc:subfield code="e">Verfasser/-in</marc:subfield>
   </marc:datafield>
   <marc:datafield ind1=" " ind2=" " tag="653">
      <marc:subfield code="a">ab 10</marc:subfield>
   </marc:datafield>
   <marc:datafield ind1=" " ind2=" " tag="653">
      <marc:subfield code="a">Eulen</marc:subfield>
   </marc:datafield>
   <marc:datafield ind1="0" ind2="0" tag="245">
      <marc:subfield code="a">Die Entführung</marc:subfield>
   </marc:datafield>
   <marc:datafield ind1=" " ind2="1" tag="264">
      <marc:subfield code="b">Ravensburger.</marc:subfield>
      <marc:subfield code="c">2010</marc:subfield>
   </marc:datafield>
   <marc:datafield ind1="1" ind2=" " tag="490">
      <marc:subfield code="a">Die Legende der Wächter</marc:subfield>
   </marc:datafield>
   <marc:datafield ind1="1" ind2=" " tag="520">
      <marc:subfield code="a">Etwas Unheimliches geht vor im Wald von Tyto: Eines Nachts wird die junge Schleiereule Soren aus dem Nest gestoßen und in ein geheimes Waisenhaus entführt. Hier erden Eulenkinder mithilfe von Mondmagie gezwungen, einen Stoff aufzuspüren, der wervoller ist als Gold. Doch Soren und seine neue Freundin, die Elfenkäuzin Gylfie, wollen den tyrannischen Aufseher nicht länger dienen. Gemeinsam planen sie die Flucht. Sie träumen davon, sich den sagenhaften Eulenrittern von Ga'hoole anzuschließen.</marc:subfield>
   </marc:datafield>
   <marc:datafield ind1=" " ind2=" " tag="020">
      <marc:subfield code="a">9783473368075</marc:subfield>
      <marc:subfield code="9">9783473368075</marc:subfield>
   </marc:datafield>
</marc:record>
